Ingeniería de diseño medioambiental. Sistemas de gestión medioambiental, principios y práctica (Registro nro. 29704)

Detalles MARC
000 -CABECERA
Longitud fija campo de control 01300nam a2200241 a 4500
003 - • IDENTIFICADOR DELl NÚMERO DE CONTROL
Identificador del número de control CO-ViMGA
008 - • CÓDIGOS DE INFORMACIÓN DE LONGITUD FIJA
Códigos de información de longitud fija 141112s2004 ck r 000 u spa d
020 ## - • NÚMERO INTERNACIONAL NORMALIZADO PARA LIBROS
Número Internacional Normalizado para Libros (ISBN) 8448106849
040 ## - FUENTE DE LA CATALOGACIÓN
Centro catalogador de origen CO-ViMGA
Lengua de catalogación spa
Centro transcriptor CO-ViMGA
082 04 - • NÚMERO DE LA CLASIFICACIÓN DECIMAL DEWEY
Número de clasificación (R) 621.7 H857i
100 1# - • PUNTO DE ACCESO PRINCIPAL-NOMBRE DE PERSONA
Nombre de persona Hunt, David Quintana de la Pedraja, María
245 10 - • TITULO PROPIAMENTE DICHO
Título Ingeniería de diseño medioambiental. Sistemas de gestión medioambiental, principios y práctica
300 ## - • DESCRIPCIÓN FÍSICA
Extensión 318p
505 ## - • NOTA DE CONTENIDO CON FORMATO
Nota de contenido con formato Historia de la preocupación por el medio ambiente 9 - - Visión general de la normativa medioambiental 29 - - Desarrollo de las auditorías medioambientales y otras prácticas de gestión medioambiental 79 - - Concepto de sistema de gestión de calidad 87 - - La aproximaación sistemica a la gestión medioambiental 97 - - Desarrollo y aplicación de un sistema de gestión medioambiental 113 - - Desarrollos actuales y futuros 277
590 ## - NOTAS LOCALES
Nota local Forma de adquisición : Donación - - Precio : 20000 - - Proveedor : Corporación orinoquia tierra mágica - - Fecha de adquisición : Mayo 2006
650 14 - • PUNTO DE ACCESO ADICIONAL DE MATERIA - TÉRMINO DE MATERIA
Término de materia o nombre geográfico como elemento inicial AUDITORIA AMBIENTAL
650 14 - • PUNTO DE ACCESO ADICIONAL DE MATERIA - TÉRMINO DE MATERIA
Término de materia o nombre geográfico como elemento inicial CONTROL AMBIENTAL
650 14 - • PUNTO DE ACCESO ADICIONAL DE MATERIA - TÉRMINO DE MATERIA
Término de materia o nombre geográfico como elemento inicial GESTION AMBIENTAL
650 14 - • PUNTO DE ACCESO ADICIONAL DE MATERIA - TÉRMINO DE MATERIA
Término de materia o nombre geográfico como elemento inicial PROTECCION DEL MEDIO AMBIENTE
942 ## - ENTRADA DE ELEMENTOS AGREGADOS (KOHA)
Fuente de clasificaión o esquema Dewey Decimal Classification
Koha [por defecto] tipo de item LIbro
Existencias
Perdido Fuente de clasificación o esquema Estado Físico No para préstamo Forma de adquisición Localización permanente Localización actual Fecha adquisición Serie de enumeración / cronolog&íacute;a Préstamos totales Signatura completa Código de barras Fecha última consulta Número de copia Fecha del precio de reemplazo Tipo de item de Koha
  Dewey Decimal Classification     Sala Especializada Tercer Piso Biblioteca Pública Germán Arciniegas - Villavicencio Biblioteca Pública Germán Arciniegas - Villavicencio 12/04/2015 Volumen. 1 | 11/jun/2009   621.7 H857i 20728 12/04/2015 Ej. 1 12/04/2015 LIbro









Instituto Departamental de Cultura del Meta - Red Departamental de Bibliotecas Públicas del Meta.